00762nam a2200145Ia 4500008004100000040001800041041000800059100005400067245012900121260003600250300001800286500021900304650002400523700006900547130821s1975 fr gr fre  aCo-BoUCMbspa afre aLa Rochefoucauld, FrançoiscDuque ded1613-1680 aMaximes et réflexionsbDriversescFrancois la Rochefoucauld ; Nota biográfica, histórica y literaria de Jean-Pol Caput aParis (Francia)bLaroussec1975 a175 páginas aAvec une notice biographique.-- Une notice historique et littéraire.-- Un index thématique.-- Des notes explicatives.-- Une documentation the matique.-- Un questionnaire.-- des jugements et des sujets de devoir04aLiteratura francesa aCaput, Jean-Pol., Notas Biográficas, Históricas y Literarias